Pays ayant un PIB de plus de 1.000 milliards de dollars - Statistiques

Statistiques générales
  • Ce quiz a été pris 298 fois
  • Le résultat moyen est 15 sur 16
Statistiques - réponses
Rang Pays PIB en milliers de dollars % Correct
1 Etats-Unis 20 494 100$
100%
2 Chine 13 608 152$
99%
6 France 2 777 535$
99%
4 Allemagne 3 996 756$
98%
7 Inde 2 726 323$
98%
3 Japon 4 970 916$
98%
5 Royaume-Uni 2 825 209$
98%
14 Espagne 1 426 189$
97%
11 Russie 1 657 554$
97%
8 Italie 2 073 902$
96%
9 Brésil 1 868 626$
95%
10 Canada 1 709 327$
95%
15 Mexique 1 223 809$
92%
13 Australie 1 432 195$
91%
12 Corée du Sud 1 619 424$
89%
16 Indonésie 1 042 173$
81%
Aucun quiz correspondant
Distribution des résultats
% des personnes avec chaque résultat
Percentile par nombre de réponses
Votre historique - résultats
Vous n’avez pas pris ce quiz